A GHETTO CHRISTMAS CAROL - XXXTENTACION (Full lyrics) - Statistics

General Stats
  • This quiz has been taken 3 times
  • The average score is 112 of 237
Answer Stats
Lyrics % Correct
a
100%
ayy
100%
I
100%
it
100%
It's
100%
vibe,
100%
yeah,
100%
yeah
100%
feeling
67%
ice,
67%
Keep
67%
keep
67%
much
67%
nigga
67%
Nigga,
67%
Nigga
67%
quiet,
67%
right,
67%
So
67%
so,
67%
you,
67%
you
67%
Adidas
33%
All
33%
an'
33%
and
33%
ass
33%
at
33%
be
33%
be—
33%
Beetlejuice,
33%
bitches
33%
bitchin',
33%
bored,
33%
Butterfly
33%
cash,
33%
city
33%
closed
33%
color
33%
crash,
33%
day
33%
do,
33%
Don't
33%
don't
33%
doors
33%
fan,
33%
fantasize,
33%
fast
33%
frankly
33%
get
33%
got
33%
Got
33%
Gucci
33%
hatin',
33%
her
33%
hoes
33%
irrelevant,
33%
legs
33%
lights,
33%
lights
33%
like
33%
look
33%
might
33%
More
33%
more
33%
movin'
33%
my
33%
My
33%
Niggas
33%
niggas
33%
night
33%
night,
33%
no
33%
now
33%
of
33%
on
33%
Pan,
33%
Peter
33%
quite
33%
shit,
33%
stripes
33%
super
33%
that
33%
that's
33%
The
33%
the
33%
These
33%
these
33%
they
33%
thick
33%
thought
33%
Through
33%
through
33%
throw
33%
told
33%
too
33%
uh
33%
watchin',
33%
whinin'
33%
whip,
33%
whip
33%
you're
33%
No matching quizzes found
Score Distribution
Percent of People with Each Score
Percentile by Number Answered
Your Score History
You have not taken this quiz